கிராமத்து இதயம் ( இலங்கை முஸ்லிம்களின் நாட்டுப்புறக் பாடல்கள்) (Record no. 4875)
[ view plain ]
| 000 -LEADER | |
|---|---|
| fixed length control field | 00843nam a2200205 4500 |
| 003 - CONTROL NUMBER IDENTIFIER | |
| control field | LK-CoMWRAF |
| 005 - DATE AND TIME OF LATEST TRANSACTION | |
| control field | 20240331121739.0 |
| 008 - FIXED-LENGTH DATA ELEMENTS--GENERAL INFORMATION | |
| fixed length control field | 240331b1995 |||||||| |||| 00| 0 eng d |
| 040 ## - CATALOGING SOURCE | |
| Original cataloging agency | LK-CoMWRAF |
| Modifying agency | LK-CoMWRAF |
| Description conventions | LK-CoMWRAF |
| 041 ## - LANGUAGE CODE | |
| Language code of text/sound track or separate title | Tamil |
| 082 ## - DEWEY DECIMAL CLASSIFICATION NUMBER | |
| Item number | KIR |
| 942 ## - ADDED ENTRY ELEMENTS (KOHA) | |
| Koha item type | Books |
| 700 ## - ADDED ENTRY--PERSONAL NAME | |
| Personal name | ஜெமீல், எஸ்.எச்.எம். |
| Personal name (Transliterated) | Jameel, S.H.M. |
| Relator Term | compiler |
| 245 ## - TITLE STATEMENT | |
| Title | கிராமத்து இதயம் ( இலங்கை முஸ்லிம்களின் நாட்டுப்புறக் பாடல்கள்) |
| 246 ## - VARYING FORM OF TITLE | |
| Title proper/short title | Kirāmattu itayam (ilaṅkai muslimkaḷiṉ nāṭṭuppuṟak pāṭalkaḷ) |
| 246 ## - VARYING FORM OF TITLE | |
| Title proper/short title | Folk songs of the Muslims of Sri Lanka |
| 260 ## - PUBLICATION, DISTRIBUTION, ETC. (IMPRINT) | |
| Place of publication, distribution, etc. | Colombo: |
| Name of publisher, distributor, etc. | Ministry of cultural & religious affairs, |
| Date of publication, distribution, etc. | 1995 |
| 300 ## - PHYSICAL DESCRIPTION | |
| Extent | xvi., 118 p. |
| 650 ## - SUBJECT ADDED ENTRY--TOPICAL TERM | |
| Topical term or geographic name as entry element | FOLK SONGS-Muslims-Sri Lanka |
| Withdrawn status | Lost status | Damaged status | Not for loan | Permanent Location | Current Location | Date acquired | Full call number | Barcode | Koha item type |
|---|---|---|---|---|---|---|---|---|---|
| Resource center, Muslim Women's Research And Action Forum | Resource center, Muslim Women's Research And Action Forum | 2024-03-31 | KIR | RAF5230 | Books |

